| 000 | 00718nam a2200229 i 4500 | ||
|---|---|---|---|
| 001 | 97760 | ||
| 003 | ES-MaACL | ||
| 005 | 20231213062948.0 | ||
| 007 | t| | ||
| 008 | 050718s1965 sp ||||1| spa d | ||
| 100 | 1 |
_aMarías, Julián, _d1914-2005 _976688 |
|
| 245 | 1 | 0 |
_aHistoria de la filosofía / _cJulián Marías ; prólogo de Xavier Zubiri. |
| 250 | _a3ª ed. | ||
| 260 |
_aMadrid : _bRevista de Occidente, _c1965. |
||
| 300 |
_aXXXVIII, 475 p ; _c22 cm. |
||
| 490 | 1 |
_aObras de Julián Marías ; _v1 |
|
| 650 | 4 |
_aFilosofía- _vHistoria. _9158248 |
|
| 700 | 1 |
_aZubiri, Xavier, _d1898-1983 _9118406 |
|
| 830 | 1 |
_aObras de Julián Marías ; _v1 _9184442 |
|
| 852 |
_aES-MaACL _jL-1987 |
||
| 999 |
_c97760 _d97760 |
||